| 000 | 00913nam a2200253Ia 4500 | ||
|---|---|---|---|
| 005 | 20171108083351.0 | ||
| 008 | 130821s2014 xxu gr eng d | ||
| 020 | _a9781412958417 (4a.Ed.) | ||
| 020 | _a9781452259000 (5a.Ed.) | ||
| 040 |
_aCo-BoUCM _bspa _cSandra Palacio (modificó) _d[Nuevo] |
||
| 041 | 0 | 0 | _aeng |
| 100 | 1 |
_aFowler, Floyd J. _988623 |
|
| 245 | 1 | 0 |
_aSurvey research methods _cFloyd J. Fowler |
| 250 | _aQuinta edición | ||
| 260 |
_aLos Ángeles (California, Estados Unidos) _bSage Publications _c2014 |
||
| 300 | _axi, 171 páginas | ||
| 490 | 0 |
_aApplied social research methods series _v1 |
|
| 650 | 1 | 7 |
_aCiencias sociales _xInvestigaciones _vMétodos _910815 |
| 650 | 2 | 7 |
_aInvestigación social _vManuales _918009 |
| 650 | 2 | 7 |
_aSociología _9386 |
| 650 | 2 | 7 |
_aSociología _xInvestigaciones _930506 |
| 942 |
_cLIBRO _a5 _e5 _mF785s _2DEWEY _h300.723 |
||
| 999 |
_c37356 _d37356 |
||